01420nabaa22002417a 4500999001500000003000400015005001700019008004100036040000700077100002900084245026400113300001500377500003700392505034500429505008900774650003200863650003200895650003900927650003000966650004200996773012701038942001301165 c6205d6205OSt20260125211358.0190701b xxu||||| |||| 00| 0 spa d cPJ 96936aFerreri, Federico 10aTutela judicial efectiva y acciones afirmativas :b¿deben los jueces suplir las falencias de la Administración pública cuando se presenten afectaciones palmarias de los derechos elementales de grupos en condiciones de vulnerabilidad? cFederico Ferreri.  ap. 152-160 aCita: TR LALEY AR/DOC/2736/2024  aSumario: I. Introducción.— II. Marco teórico. Pensamiento del Dr. Martín D. Farrell en torno a las libertades positivas y negatvas.— III. Tutela judicial efectiva y acciones positivas.— IV. Deber de actuar ante casos de amenazas a los derechos de vulnerables.— V. Activismo judicial. VI. Conclusiones.— VII. Bibliografía.  t¿Te interesa el texto completo? Comunicate al correo: koha@justierradelfuego.gov.ar 09211aDERECHO ADMINISTRATIVO 09178aDERECHO CONSTITUCIONAL 09872aINTERPRETACION CONSTITUCIONAL 091171aACTO ADMINISTRATIVO 09802aDESCENTRALIZACION ADMINISTRATIVA0 0284293251dBuenos Aires : AbeledoPerrot, 2012-oDA121tDerecho administrativo. Nº 156 noviembre/diciembre 2024z18510590 2udccANA